Catálogo
 En Linea

Desarrollo del concepto de Dios en el pensamiento religioso de Juan Ramón Jímenez / (Registro nro. 4710)

Detalles MARC
000 -CABECERA
campo de control de longitud fija 00837cam a2200217 a 4500
001 - NÚMERO DE CONTROL
campo de control 000004904
005 - FECHA Y HORA DE LA ÚLTIMA TRANSACCIÓN
campo de control 20200929151529.0
008 - DATOS DE LONGITUD FIJA--INFORMACIÓN GENERAL
campo de control de longitud fija 820312s1966 sp ch 000 0bspa
040 ## - FUENTE DE LA CATALOGACIÓN
Centro catalogador/agencia de origen DO-SdBNP
Centro/agencia transcriptor CarP
Centro/agencia modificador DLC
082 ## - NÚMERO DE LA CLASIFICACIÓN DECIMAL DEWEY
Número de clasificación 861.4
Número de documento/Ítem J61dzS
100 1# - ENTRADA PRINCIPAL--NOMBRE DE PERSONA
Nombre de persona Saz-Orozco, Carlos del
9 (RLIN) 14181
245 10 - MENCIÓN DE TÍTULO
Título Desarrollo del concepto de Dios en el pensamiento religioso de Juan Ramón Jímenez /
Mención de responsabilidad, etc. Carlos del Saz-Orozco.
260 ## - PUBLICACIÓN, DISTRIBUCIÓN, ETC.
Lugar de publicación, distribución, etc. Madrid :
Nombre del editor, distribuidor, etc. Razón y Fe,
Fecha de publicación, distribución, etc. 1966.
300 ## - DESCRIPCIÓN FÍSICA
Extensión xx, 236 p. :
Otras características físicas retrs., facsím. ;
Dimensiones 20 cm.
490 1# - MENCIÓN DE SERIE
Mención de serie Formas del espíritu
Designación de volumen o secuencia no. 5
600 14 - PUNTO DE ACCESO ADICIONAL DE MATERIA--NOMBRE DE PERSONA
Nombre de persona JIMÉNEZ, JUAN RAMÓN
Fechas asociadas al nombre 1881-1958.
Subdivisión general CRÍTICA E INTERPRETACIÓN
9 (RLIN) 14182
650 #4 - PUNTO DE ACCESO ADICIONAL DE MATERIA--TÉRMINO DE MATERIA
Término de materia o nombre geográfico como elemento de entrada Poesía cristiana
Subdivisión general Crítica e interpretación
9 (RLIN) 14183
650 #4 - PUNTO DE ACCESO ADICIONAL DE MATERIA--TÉRMINO DE MATERIA
Término de materia o nombre geográfico como elemento de entrada Dios en la literatura
9 (RLIN) 14184
830 #0 - PUNTO DE ACCESO ADICIONAL DE SERIE-TÍTULO UNIFORME
Título uniforme Formas del espíritu
Designación de volumen o secuencia no. 5
9 (RLIN) 14185
910 ## - DATOS DE OPCIÓN DEL USUARIO (OCLC)
Datos de opción del usuario Catalogación por copia / LC
Existencias
Estado de retiro Estado de pérdida Restricciones de uso No para préstamo Código de colección Localización permanente Ubicación/localización actual Ubicación en estantería Fecha de adquisición Número de inventario Total de préstamos Signatura topográfica completa Código de barras Fecha visto por última vez Precio válido a partir de Tipo de ítem Koha
    Préstamo interno   Monografías: Libros y Folletos General General En catalogación 27.07.2009 LF1   861.4 J61dzS 4904-10 25.06.2020 25.06.2020 Préstamo interno

Con tecnología Koha